Rappers by Lyrics - Statistics

General Stats
  • This quiz has been taken 122 times
  • The average score is 17 of 23
Answer Stats
Hint Song Rapper % Correct
"Once upon a time, all of us was in chains. Homies still doubled down, callin' us some slaves." Not Like Us Kendrick Lamar
98%
"Will Smith don't gotta cuss in his raps to sell records? Well I do. So fuck him and fuck you too." The Real Slim Shady Eminem
97%
"I still see your shadows in my room. Can't take back the love that I gave you. It's to the point where I love and I hate you, and I cannot change you, so I must replace you, oh." Lucid Dreams Juice WRLD
94%
"Y'all know me. Still same OG, but I been low-key. Hated on by most these n****s, with no cheese, no deals, and no G's," Forgot About Dre (with Eminem) Dr. Dre
90%
"Percocets. Molly, Percocets. Percocets. Molly, Percocets. Rep the set, gotta rep the set. Chase a check, but never chase a bitch." Mask Off Future
90%
"Just waking up in the morning, gotta thank God It Was A Good Day Ice Cube
89%
"I don't really care if you cry, on the real you shoulda never lied, shoulda saw the way she looked me in the eyes, she said; Baby, I am not afraid to die." XO Llif3 Tour Lil Uzi Vert
89%
"When the pimps in the crib, ma, drop it like it's hot, drop it like it's hot, drop it like it's hot, when the pigs tryna get at you, park it like it's hot, park it like it's hot, park it like it's hot, and if a n***a get an attitude, pop it like it's hot, pop it like it's hot, pop it like it's hot." Drop It Like It's Hot (with Pharrell Williams) Snoop Dogg
89%
"Who am I? Someone that's afraid to let go. You decide if you ever gonna lemme know." SAD! XXXTentacion
87%
"In the night, I hear 'em talk, the coldest story, ever told, somewhere far along this road, he lost his soul, to a woman so heartless." Heartless Kanye West
85%
"I got black, I got white, what you want? Hop outside a Ghost, and hop in a Phantom. I know I'm bouta blow, I ain't dumb." Ransom Lil Tecca
84%
"Now they always say congratulations, worked so hard forgot how to vacation, they ain't never had the dedication, people hatin, say we changed, and look we made it, now we made it." Congratulations (with Quavo) Post Malone
83%
"Grab ya Glocks when ya see Tupac, call the cops when you see Tupac! Who shot me? But ya punks didn't finish, now ya bouta feel the wrath of a menace!" Hit 'Em Up (with Outlawz) Tupac
77%
"Wake up in the morning, I got murder on my mind! AK-47s, Mack 11s, Glocks, and .9s. And all these p***y n****s hating, tryna knock me off my grind. But I can't let them do it, I got murder on my mind." Murder On My Mind YNW Melly
75%
"It was all a dream! I used to read Word-Up magazine. Salt-n-Pepa and Heavy D in the limousine!" Juicy Biggie
72%
"I am a menace! Keep me a racket like tennis! I'm with the shit like I'm Dennis, I started this shit I'ma finish!" Shotta Flow NLE Choppa
72%
"This one is for the boys with the boomin system. Top down, AC, with the cooler system. When he come up in the club, he be blazin' up, got stacks on the deck like he savin' up." Superbass Nicki Minaj
71%
"Police steady watchin' me. Every day they clockin' me. Red alert! Armed and dangerous, I keep that Glock on me, and I ain't lookin for no trouble, I'm just lookin out for me." Armed and Dangerous King Von
70%
"We pop out at your party, I'm wit the gang. And there's gon' be a robbery, so tuck ya chain." Pop Out (with Lil Tjay) Polo G
66%
"Straight outta Compton! Crazy motherfucker named Ice Cube! From the gang cal N****z With Attitudes!" Straight Outta Compton NWA
63%
"We've come too far, to give up, who we are, let's raise the bar, and our cups, to the stars." Get Lucky (with Daft Punk and Nile Rodgers) Pharrell Williams
56%
"The Mac Dad'll make ya (Jump! Jump!) Daddy Mac'll make ya (Jump! Jump!) Kris Kross'll make ya (Jump! Jump!) Uh huh, uh huh (Jump! Jump!) Jump Kris Kross
30%
"They see me rolling, they hatin, patrolling and tryna catch me ridin' dirty, tryna catch me ridin' dirty, tryna catch me ridin' dirty, tryna catch me ridin' dirty, tryna catch me ridin' dirty, my music so loud, I'm singing, they hoping that they gon' catch me ridin' dirty." Ridin' (with Krayzie Bone) Chamillionaire
25%
No matching quizzes found
Score Distribution
Percent of People with Each Score
Percentile by Number Answered
Your Score History
You have not taken this quiz